Lego Art Quiz Stats

Quiz Updated Oct 4, 2014

Also try: Lego Landmarks
Challenge
Share
Tweet
Score 0/20 Timer 07:00
0 Plays Today
Number Title % Correct
1Mona Lisa
99%
3The Scream
86.7%
11The Last Supper
81.9%
20American Gothic
56.1%
14Girl With a Pearl Earring
54.2%
18Marilyn Monroe
41.5%
4Nighthawks
32.4%
19Vitruvian Man
25.6%
16The Arnolfini Portrait
8.4%
5Composition with Blue, Yellow, Black, and Red
6.9%
Number Title % Correct
9A Man and a Woman
4.3%
7Golconda
3%
15Heart
2.9%
6The Marriage of the Virgin
2.5%
17Automat
2.3%
13Kiss by the Hotel de Ville
2%
2Frank and Jamie
1.4%
10Bluebird at Bonneville
0.9%
12Portrait of Federico da Montefeltro
0.9%
8Il Quarto Stato
0.8%

You're not logged in!

Compare scores with friends on all Sporcle quizzes.
Sign Up with Email
OR
Log In

You Might Also Like...

Show Comments

Extras

Top Quizzes Today


Score Distribution

Your Account Isn't Verified!

In order to create a playlist on Sporcle, you need to verify the email address you used during registration. Go to your Sporcle Settings to finish the process.